Global marketing (Record no. 396927)

MARC details
000 -LEADER
fixed length control field 00558 a2200229 4500
005 - DATE & TIME
control field 20260407125013.0
008 - FIXED-LENGTH DATA ELEMENTS--GENERAL INFORMATION
fixed length control field 260407b |||||||| |||| 00| 0 eng d
020 ## - ISBN
International Standard Book Number 9789352865284
Price Rs. 940.00
040 ## - CATALOGING SOURCE
Original cataloging agency VIVEKANANDA LIBRARY
082 ## - DDC NUMBER
Classification number 658.8
Book Number K242G(9)
100 ## - MAIN ENTRY--PERSONAL NAME
Personal name Keegan, Warren J
245 ## - TITLE STATEMENT
Title Global marketing
250 ## - EDITION STATEMENT
Edition statement 9th
260 ## - PUBLICATION, DISTRIBUTION, ETC. (IMPRINT)
Name of publisher, distributor, etc Pearson India
Place of publication, distribution, etc Noida
Date of publication, distribution, etc 2026
300 ## - PHYSICAL DESCRIPTION
Pages 624
650 ## - Subject
Subject Management
650 ## - Subject
Subject Marketing
650 ## - Subject
Subject Export marketing
650 ## - Subject
Subject International Marketing
700 ## - Added Entry Personal Name
Added Entry Personal Name Green, Mark C
942 ## - ADDED ENTRY ELEMENTS (KOHA)
Koha item type Books
Holdings
Withdrawn status Lost status Source of classification or shelving scheme Damaged status Not for loan Location (home branch) Sublocation or collection (holding branch) Shelving location Date acquired Koha issues (times borrowed) Koha full call number Accession No. Koha date last seen Koha item type
    Dewey Decimal Classification     VIVEKANANDA LIBRARY VIVEKANANDA LIBRARY IMSAR Library 06/04/2026   658.8 K242G(9) 421022 06/04/2026 Books
    Dewey Decimal Classification     VIVEKANANDA LIBRARY VIVEKANANDA LIBRARY IMSAR Library 07/04/2026   658.8 K242G(9) 421021 07/04/2026 Books
    Dewey Decimal Classification     VIVEKANANDA LIBRARY VIVEKANANDA LIBRARY IMSAR Library 07/04/2026   658.8 K242G(9) 421023 07/04/2026 Books
    Dewey Decimal Classification     VIVEKANANDA LIBRARY VIVEKANANDA LIBRARY IMSAR Library 07/04/2026   658.8 K242G(9) 421024 07/04/2026 Books
    Dewey Decimal Classification     VIVEKANANDA LIBRARY VIVEKANANDA LIBRARY IMSAR Library 07/04/2026   658.8 K242G(9) 421020 07/04/2026 Books
© Designed and Maintained by Vivekananda Library, MDU Rohtak